| 000 | 01229cas a2200349 a 4500 | ||
|---|---|---|---|
| 003 | OSt | ||
| 005 | 20241026150036.0 | ||
| 008 | 020904duuuu2007sp qr p 0 b0spa | ||
| 022 | _a1885-799X | ||
| 040 |
_aDLC _cDLC _dOCoLC _dDLC _dOCoLC |
||
| 041 | _aspa | ||
| 049 | _aGift | ||
| 092 | 0 | 4 |
_a327.17205 _bP2142 _221 |
| 099 | _a327.17205 P2142 | ||
| 222 | 0 | _aPapeles de cuestiones internacionales | |
| 245 | 0 | 0 | _aPapeles de cuestiones internacionales. |
| 246 | 1 | 7 | _aPapeles |
| 300 |
_avolume. ; _c24 cm. _billustration |
||
| 310 | _aQuarterly | ||
| 362 | 1 | _aCeased in 2007. | |
| 500 | _aDescription based on: No. 77 (primavera 2002); title from cover. | ||
| 541 |
_aFinanciado Por La AECID ; _d2011-01-01 |
||
| 650 | 0 |
_aDisarmament _vPeriodicals. |
|
| 650 | 0 |
_aInternational relations _vPeriodicals. |
|
| 650 | 0 |
_aPeace _vPeriodicals. |
|
| 710 | 2 | _aCentro de Investigaciâon para la Paz (Madrid, Spain) | |
| 780 | 0 | 0 |
_tPapeles (Centro de Investigaciâon para la Paz (Madrid, Spain)) _w(DLC) 94655808 _w(OCoLC)31744862 |
| 785 | 0 | 0 |
_tPapeles de relaciones ecosociales y cambio global _x1888-0576 _w(DLC) 2008208315 _w(OCoLC)236102718 |
| 905 |
_aSuzan _eCat |
||
| 905 | _eRev. | ||
| 942 |
_n0 _cContinuing Resources |
||
| 999 |
_c127420 _d127420 |
||